000 00500nam a22001577a 4500
005 20251108172027.0
008 250721s1983 xx 000 0 ara d
082 1 4 _a812.052/محم
100 1 _aسلماوي، محمد
245 1 0 _aفوت علينا بكره و اللي بعده :
_bكوميدينات في فصل واحد /
264 1 _aالقاهرة :
_bدار الوفاء،
_c1983.
650 1 7 _aالمسرحية العربية
650 1 7 _aمصر
942 _2ddc
_cBK
999 _c68590
_d68590